[Event "USA-ch16 prel 05 corr0204"]
[Site "USA"]
[Date "2002.09.03"]
[Round "?"]
[White "Woodard, Daniel S"]
[Black "Zeppa, AJ."]
[Result "1-0"]
[WhiteElo "2128"]
[BlackElo "2255"]
[PlyCount "84"]
[EventDate "2002.??.??"]
[EventType "tourn (corr)"]
[EventRounds "6"]
[EventCountry "USA"]
[SourceTitle "Corr 2006"]
[Source "ChessBase"]
[SourceDate "2006.04.01"]
[SourceVersion "3"]
[SourceVersionDate "2006.04.01"]
[SourceQuality "1"]

1. d4 e6 2. Nf3 Nf6 3. Bf4 Be7 4. h3 c5 5. c3 0-0 6. Nbd2 d5 7. e3 b6 8. Bd3 Ba6 9. Bxa6 Nxa6 10. Qe2 Nb8 11. Ne5 Qe8 12. 0-0 Nbd7 13. Nc6 a5 14. Qb5 Rc8 15. Rfe1 Nh5 16. Bh2 f5 17. c4 Bf6 18. a4 Rf7 19. Rac1 Nf8 20. Ne5 Qxb5 21. cxb5 Bxe5 22. Bxe5 Ng6 23. Bh2 Nf6 24. dxc5 bxc5 25. Nb3 c4 26. Nxa5 Ra8 27. b4 cxb3 28. Nxb3 Rxa4 29. Nc5 Ra5 30. Nxe6 Rxb5 31. Rc8+ Nf8 32. Bd6 N6d7 33. Nxf8 Nxf8 34. Ra1 Rb6 35. Rd8 Rxd6 36. Rxd6 Rd7 37. Rxd7 Nxd7 38. Ra5 Nf6 39. Kf1 Kf7 40. Ke2 Ke6 41. Ra6+ Ke7 42. Ra7+ Kf8 1-0

[Event "USA-ch16 prel 05 corr0204"]
[Site "USA"]
[Date "2002.09.03"]
[Round "?"]
[White "Zeppa, AJ."]
[Black "Chalker, Robert P"]
[Result "0-1"]
[WhiteElo "2255"]
[BlackElo "2386"]
[PlyCount "74"]
[EventDate "2002.??.??"]
[EventType "tourn (corr)"]
[EventRounds "6"]
[EventCountry "USA"]
[SourceTitle "Corr 2006"]
[Source "ChessBase"]
[SourceDate "2006.04.01"]
[SourceVersion "3"]
[SourceVersionDate "2006.04.01"]
[SourceQuality "1"]

1. d4 Nf6 2. c4 g6 3. Nc3 Bg7 4. e4 d6 5. Nf3 0-0 6. Be2 e5 7. 0-0 Na6 8. b3 c6 9. dxe5 dxe5 10. Ba3 Re8 11. Qxd8 Rxd8 12. Rad1 Bg4 13. h3 Bxf3 14. Bxf3 Bf8 15. Bc1 Nc5 16. g3 Ne6 17. Bh1 Bc5 18. Rfe1 a5 19. Kf1 a4 20. Bb2 axb3 21. axb3 Nd7 22. Na4 Bd4 23. Re2 Ndc5 24. Nxc5 Nxc5 25. Bxd4 Nxb3 26. Rb2 Rxd4 27. Rxd4 Nxd4 28. Rxb7 Ra4 29. Re7 Kf8 30. Rd7 Rxc4 31. Kg2 h5 32. h4 Rc2 33. Rb7 c5 34. Rc7 c4 35. Rc5 c3 36. Rxe5 Rd2 37. Rc5 c2 0-1